La ética del Antiguo Testamento (5) : (Registro nro. 51936)
[ vista simple ]
| 000 -LÍDER | |
|---|---|
| Campo fijo de descripción fija | 01133aab a2200181 i 4500 |
| 001 - NÚMERO DE CONTROL | |
| Campo de control | 768714001 |
| 003 - IDENTIFICADOR DEL NÚMERO DE CONTROL | |
| Campo de control | CO-MdFUSB |
| 005 - FECHA Y HORA DE LA ULTIMA TRANSACCIÓN | |
| control field | 20240321131246.0 |
| 008 - ELEMENTOS DE LONGITUD FIJA -- INFORMACIÓN GENERAL | |
| Campo fijo de descripción fija -- Información general | 240321t1991 ag ||||| |||| 00| 0 spa d |
| 040 ## - FUENTE DE CATALOGACIÓN | |
| Agencia que realiza la transcripción | CO-MdFUSB |
| Idioma de catalogación | spa |
| 100 1# - ASIENTO PRINCIPAL--NOMBRE PERSONAL | |
| Nombre personal | Breneman, Mervin (1930-) |
| Término relacionador | autor |
| 245 13 - TÍTULO | |
| Título | La ética del Antiguo Testamento (5) : |
| Subtitulo | el día de reposo |
| Mención de responsabilidad | / Mervin Breneman |
| 300 ## - DESCRIPCIÓN FÍSICA | |
| Extensión | Volumen 10, número 4 (octubre - diciembre, 1991), páginas: 14 -16 |
| Dimensiones | ; 27 cm |
| 520 ## - NOTA DE RESUMEN, ETC. | |
| Nota de sumario, etc. | El Decálogo indica los principios morales de Dios válidos en todas las épocas. Muestra cuál es la voluntad de Dios en todo tiempo. A la vez, el Nuevo Testamento hacer claro que nuestra salvación de ninguna manera depende del cumplimiento de las leyes.<br/>Nuestra vida adquiere un sentido erróneo cuando las cosas del espacio se convierten en nuestra principal preocupación.<br/>Los cristianos observan un día del Señor y reconocen que el cumplimiento de su descanso es todavía futuro. |
| 653 ## - TÉRMINO DE INDIZACIÓN - NO CONTROLADO | |
| Término no controlado | Mandamientos |
| 773 0# - ASIENTO DE ITEM FUENTE | |
| Título | Iglesia y Misión |
| Biblionumber | 49402 |
| Itemnumber | 59664 |
| Parte(s) relacionada(s) / Volumen., número. (mes año), páginas | Volumen 10, número 4 (octubre - diciembre, 1991), páginas: 14 -16 |
| Enumeración y primera página | páginas: 14 |
| 942 ## - TIPO DE MATERIAL (KOHA) | |
| Tipo de Item KOHA | Artículos de Revista |
No hay ítems disponibles.
